[Event "Secondario 15th"]
[Site "Caorle"]
[Date "1990.07.09"]
[Round "3.50"]
[White "Segantini, Andrea"]
[Black "Caprio, Gerardo"]
[Result "1-0"]
[WhiteElo "1770"]
[BlackElo "1800"]
[PlyCount "125"]
[EventDate "1990.07.07"]
[EventType "swiss"]
[EventRounds "8"]
[EventCountry "ITA"]
[SourceTitle "EXT 2023"]
[Source "ChessBase"]
[SourceDate "2022.10.05"]
[SourceVersion "1"]
[SourceVersionDate "2022.10.05"]
[SourceQuality "1"]

1. e4 b6 2. d4 g6 3. Bf4 Bg7 4. c4 d6 5. Nc3 Nf6 6. Be2 Nbd7 7. Nf3 0-0 8. Qc2 c6 9. Rd1 Nh5 10. Be3 Qc7 11. Ng5 Nhf6 12. f4 h6 13. Nh3 e5 14. 0-0 a6 15. Nf2 c5 16. fxe5 dxe5 17. d5 Qd6 18. Qd2 Kh7 19. Nd3 Rb8 20. Nf2 Ng8 21. Bd3 f5 22. exf5 gxf5 23. Nh3 e4 24. Bc2 Ne5 25. b3 Ng4 26. Bf4 Be5 27. Ne2 Rb7 28. Bxe5 Qxe5 29. Nhf4 Rg7 30. h3 e3 31. Qc3 Qxc3 32. Nxc3 e2 33. Nfxe2 Ne3 34. Rc1 Nxf1 35. Rxf1 h5 36. Na4 Rf6 37. Nf4 Kh6 38. Re1 Re7 39. Rxe7 Nxe7 40. h4 Ng6 41. Nxg6 Kxg6 42. Kf2 Rd6 43. Nc3 Bd7 44. Ne2 Kf6 45. Nf4 Be8 46. Bd1 b5 47. Ne6 Rxe6 48. dxe6 Kxe6 49. Be2 b4 50. Ke3 Ke5 51. g3 a5 52. Bf3 Bf7 53. Bc6 Bg6 54. Bf3 Be8 55. Bb7 a4 56. Bf3 axb3 57. axb3 Kf6 58. Kf4 Bf7 59. Bc6 Bg6 60. Bd7 Bh7 61. Be8 Bg6 62. Bxg6 Kxg6 63. Ke5 1-0